Effect of chacoal and different fertilizers on sen pidor in dry season in experriment station of royal university of agriculture,(ប្រសិទ្ធភាពធ្យូងអង្កាម និង ប្រភេទជីផ្សេងៗលើដំណាំស្រូវសែនពិដោរនៅរដូវប្រាំងនៅស្ថានីយ៍ពិសោធន៍ នៃសាកលវិទ្យាល័យភូមិន្ទកសិកម្ម) (Record no. 1056)

000 -LEADER
fixed length control field 00809nam a22001457a 4500
003 - CONTROL NUMBER IDENTIFIER
control field OSt
005 - DATE AND TIME OF LATEST TRANSACTION
control field 20150922134329.0
008 - FIXED-LENGTH DATA ELEMENTS--GENERAL INFORMATION
fixed length control field 150922b xxu||||| |||| 00| 0 eng d
040 ## - CATALOGING SOURCE
Transcribing agency RUA
082 ## - DEWEY DECIMAL CLASSIFICATION NUMBER
Classification number AGR OUN 2007 B035 Or.1
100 ## - MAIN ENTRY--PERSONAL NAME
9 (RLIN) 1101
Personal name OUN SOPEAK
245 ## - TITLE STATEMENT
Title Effect of chacoal and different fertilizers on sen pidor in dry season in experriment station of royal university of agriculture,(ប្រសិទ្ធភាពធ្យូងអង្កាម និង ប្រភេទជីផ្សេងៗលើដំណាំស្រូវសែនពិដោរនៅរដូវប្រាំងនៅស្ថានីយ៍ពិសោធន៍ នៃសាកលវិទ្យាល័យភូមិន្ទកសិកម្ម)
300 ## - PHYSICAL DESCRIPTION
Extent xiv,40p.
Dimensions ill.
Size of unit 29cm.
942 ## - ADDED ENTRY ELEMENTS (KOHA)
Source of classification or shelving scheme
Koha item type AGR
Holdings
Price effective from Date last seen Permanent Location Not for loan Date acquired Source of classification or shelving scheme Koha item type Lost status Withdrawn status Date last checked out Total Checkouts Shelving location Damaged status Barcode Current Location Full call number
2015-09-222016-08-05Library Block B 2015-09-22 AGR  2016-07-111B035 RUA002050Library Block BAGR OUN 2007 B035 Or.1
2015-09-222024-12-13Library Block B 2015-09-22 AGR  2024-11-075B035 RUA002054Library Block BAGR OUN 2007 B035 Or.2
2015-09-222016-10-05Library Block B 2015-09-22 AGR  2016-09-092B035 RUA002518Library Block BAGR OUN 2007 B035 Or.3
មជ្ឈមណ្ឌលឯការនៃសាកលវិទ្យាល័យភូមិន្ទកសិកម្មចំការដូង

Powered by Koha